[Event "HUN-ch Rapid"]
[Site "Ajka"]
[Date "2025.07.19"]
[Round "3"]
[White "Kozak, Adam"]
[Black "Turcsanyi, Vince Gergo"]
[Result "1-0"]
[WhiteElo "2589"]
[BlackElo "2312"]
[PlyCount "113"]
[EventDate "2025.07.19"]
[EventType "swiss (rapid)"]
[EventRounds "9"]
[EventCountry "HUN"]
[SourceTitle "CB30_2025"]
[SourceDate "2025.07.23"]
[SourceVersion "1"]
[SourceVersionDate "2025.07.23"]
[SourceQuality "1"]

1. Nf3 Nf6 2. b3 e6 3. Bb2 d5 4. c4 Be7 5. g3 0-0 6. Bg2 b6 7. 0-0 Bb7 8. cxd5 exd5 9. d4 Nbd7 10. Nc3 Re8 11. Rc1 a6 12. Ne5 Bd6 13. Nc4 Bb4 14. Ne3 Bxc3 15. Bxc3 Ne4 16. Bb2 Ndf6 17. Nc2 a5 18. e3 Qd7 19. f3 Nd6 20. a4 h5 21. Re1 Qf5 22. Na3 c6 23. Qc2 Qxc2 24. Nxc2 Rad8 25. h3 g5 26. g4 hxg4 27. hxg4 Re6 28. Kf2 Rde8 29. Ba3 Nc8 30. Bf1 Nd6 31. Bd3 Kg7 32. Bf5 Nxf5 33. gxf5 R6e7 34. Bxe7 Rxe7 35. Rg1 g4 36. Ne1 Kh6 37. Nd3 Kg5 38. Ne5 Kxf5 39. Nxg4 Nxg4+ 40. Rxg4 f6 41. Rh4 Rc7 42. e4+ dxe4 43. fxe4+ Ke6 44. Rg1 c5 45. d5+ Ke5 46. Ke3 c4 47. Rh5+ Kd6 48. bxc4 Rxc4 49. Rg6 Rxa4 50. Rxf6+ Kc5 51. d6+ Kc6 52. d7+ Kc7 53. Rd6 Rxe4+ 54. Kd2 Kxd6 55. d8Q+ Kc6 56. Qd5+ Kc7 57. Rh7+ 1-0

[Event "Titled Tuesday intern op 06th May Early"]
[Site "Chess.com INT"]
[Date "2025.05.06"]
[Round "10"]
[White "Turcsanyi, Vince Gergo"]
[Black "Burmakin, Vladimir"]
[Result "1/2-1/2"]
[WhiteElo "2321"]
[BlackElo "2435"]
[PlyCount "140"]
[EventDate "2025.05.06"]
[EventType "swiss (blitz)"]
[EventRounds "11"]
[EventCountry "USA"]
[SourceTitle "CB20_2025"]
[SourceDate "2025.05.14"]
[SourceVersion "1"]
[SourceVersionDate "2025.05.14"]
[SourceQuality "1"]

1. e4 c6 2. d4 d5 3. Nc3 dxe4 4. Nxe4 Bf5 5. Ng3 Bg6 6. Bc4 e6 7. N1e2 Nf6 8. 0-0 Bd6 9. Nf4 Qc7 10. Nxg6 hxg6 11. f4 Nbd7 12. c3 0-0-0 13. Qf3 Rh4 14. Be3 Rdh8 15. h3 Nb6 16. Bb3 Nbd5 17. Bxd5 cxd5 18. b3 Kb8 19. Rac1 Qc6 20. c4 dxc4 21. Qxc6 bxc6 22. bxc4 Kc7 23. Rb1 Rb8 24. c5 Be7 25. Rxb8 Kxb8 26. Rb1+ Kc8 27. Ne2 Nd5 28. Bd2 Bd8 29. Rb3 Bc7 30. Rf3 Rh8 31. Ra3 Kb7 32. Rb3+ Ka8 33. a4 Rd8 34. Kf2 Ne7 35. g3 Nf5 36. Be3 Rh8 37. h4 Ne7 38. Nc3 Nd5 39. Nxd5 exd5 40. Bd2 Re8 41. Re3 Rxe3 42. Bxe3 f5 43. Kg2 Bd8 44. Kh3 Bf6 45. Kg2 Kb7 46. Kf3 Ka6 47. Bd2 Bxd4 48. g4 Bxc5 49. h5 fxg4+ 50. Kxg4 gxh5+ 51. Kxh5 Bd4 52. Kg6 c5 53. f5 Kb6 54. Kf7 Kc6 55. Ke6 c4 56. a5 c3 57. Bc1 c2 58. a6 Bc3 59. Kf7 Kb5 60. Ke6 Kc4 61. Kd6 d4 62. Kc6 d3 63. Kb7 d2 64. Bxd2 Bxd2 65. Kxa7 c1Q 66. Ka8 Be3 67. f6 gxf6 68. a7 Bxa7 69. Kb7 Qb2+ 70. Ka8 Bb8 1/2-1/2

[Event "Titled Tuesday intern op 06th May Early"]
[Site "Chess.com INT"]
[Date "2025.05.06"]
[Round "3"]
[White "Turcsanyi, Vince Gergo"]
[Black "Karvatskyi, Oleksii"]
[Result "1/2-1/2"]
[WhiteElo "2321"]
[BlackElo "2248"]
[PlyCount "193"]
[EventDate "2025.05.06"]
[EventType "swiss (blitz)"]
[EventRounds "11"]
[EventCountry "USA"]
[SourceTitle "CB20_2025"]
[SourceDate "2025.05.14"]
[SourceVersion "1"]
[SourceVersionDate "2025.05.14"]
[SourceQuality "1"]

1. b3 Nf6 2. Bb2 d5 3. e3 Nbd7 4. f4 g6 5. Nf3 Bg7 6. c4 c6 7. Be2 0-0 8. 0-0 b6 9. d3 Bb7 10. Nbd2 Ng4 11. Bxg7 Nxe3 12. Qc1 Kxg7 13. Re1 Nf6 14. Ne5 d4 15. Bf3 Rc8 16. b4 Ba8 17. Nf1 Nxf1 18. Rxf1 c5 19. b5 Bxf3 20. Rxf3 Qd6 21. Qf1 Nd7 22. Re1 f6 23. Nc6 Rf7 24. f5 Rxc6 25. bxc6 Qxc6 26. fxg6 hxg6 27. Re4 Qd6 28. Rg3 Ne5 29. Rh4 f5 30. Qf4 Ng4 31. Qxd6 exd6 32. h3 Ne5 33. Rf4 Kf6 34. h4 Rh7 35. Rh3 Rh5 36. Rf1 Ng4 37. a4 Ne3 38. Ra1 f4 39. a5 Re5 40. axb6 axb6 41. Rb1 Ng4 42. Rf3 Kf5 43. Kf1 Nh2+ 44. Kf2 Nxf3 45. gxf3 Re3 46. Rxb6 Rxd3 47. Rxd6 Rd2+ 48. Ke1 Rd3 49. Rd5+ Kf6 50. Ke2 Re3+ 51. Kf2 Rc3 52. Rxc5 Rc2+ 53. Ke1 Ke6 54. Rc6+ Kf5 55. Rc5+ Kf6 56. Kd1 Rc3 57. Ke2 Kg7 58. Rc6 Kh6 59. Rc5 Re3+ 60. Kf2 Rc3 61. Ke2 Re3+ 62. Kf2 Rc3 63. Kg2 Kg7 64. Rc6 d3 65. Kf2 Rc2+ 66. Ke1 Re2+ 67. Kd1 Re3 68. Kd2 Rxf3 69. Rd6 Rh3 70. Rxd3 Rxh4 71. c5 Rh8 72. Rc3 Rc8 73. Ke2 Rc6 74. Kf3 g5 75. Kg4 Kg6 76. Rc4 Kf6 77. Rc3 Rc7 78. Rc4 Rc6 79. Rc3 Rc8 80. c6 Rh8 81. Rc5 Rh4+ 82. Kf3 Rh8 83. c7 Rc8 84. Kg4 Ke6 85. Kxg5 f3 86. Rc2 Ke5 87. Kg4 Ke4 88. Rc4+ Kd3 89. Rf4 Ke2 90. Rxf3 Rg8+ 91. Kf5 Kxf3 92. Ke6 Ke4 93. Kd7 Kd5 94. c8Q Rg7+ 95. Kd8 Rg8+ 96. Kd7 Rxc8 97. Kxc8 1/2-1/2

[Event "Titled Tuesday intern op 25th Mar Early"]
[Site "Chess.com INT"]
[Date "2025.03.25"]
[Round "5"]
[White "Turcsanyi, Vince Gergo"]
[Black "Alazmi, Amani"]
[Result "1-0"]
[WhiteElo "2285"]
[BlackElo "1740"]
[PlyCount "83"]
[EventDate "2025.03.25"]
[EventType "swiss (blitz)"]
[EventRounds "11"]
[EventCountry "USA"]
[SourceTitle "CB14_2025"]
[SourceDate "2024.11.01"]
[SourceVersion "1"]
[SourceVersionDate "2024.11.01"]
[SourceQuality "1"]

1. d4 d5 2. Bf4 Nf6 3. e3 g6 4. Bd3 Bg7 5. Nf3 0-0 6. 0-0 e6 7. h3 c5 8. c3 Nc6 9. Nbd2 Re8 10. Re1 cxd4 11. exd4 Qb6 12. Qb3 Na5 13. Qxb6 axb6 14. Bc7 Nd7 15. Bb5 Nc6 16. Ne5 Ncxe5 17. dxe5 Ra5 18. a4 Rf8 19. Nf3 Ra8 20. b3 Nc5 21. Rab1 Bd7 22. Bxb6 Bxb5 23. axb5 Ne4 24. Bd4 Ra2 25. Ra1 Rc2 26. c4 Nc3 27. Kf1 dxc4 28. bxc4 Na2 29. Re2 Nb4 30. Bc5 Rxe2 31. Kxe2 Nc2 32. Bxf8 Nxa1 33. Bxg7 Kxg7 34. c5 Nb3 35. c6 bxc6 36. bxc6 Nc5 37. c7 Nb7 38. c8Q Na5 39. Ng5 h6 40. Nxe6+ fxe6 41. Qxe6 Nb7 42. Qd7+ 1-0

[Event "Budapest One Week IM-B 03"]
[Site "Budapest"]
[Date "2025.03.18"]
[Round "3"]
[White "Jing, Andrew"]
[Black "Turcsanyi, Vince Gergo"]
[Result "1/2-1/2"]
[WhiteElo "2198"]
[BlackElo "2285"]
[PlyCount "99"]
[EventDate "2025.03.17"]
[EventType "tourn"]
[EventRounds "9"]
[EventCountry "HUN"]
[EventCategory "1"]
[SourceTitle "CB13_2025"]
[SourceDate "2025.03.26"]
[SourceVersion "1"]
[SourceVersionDate "2025.03.26"]
[SourceQuality "1"]

1. d4 Nf6 2. Nf3 e6 3. c4 Bb4+ 4. Nbd2 0-0 5. g3 d6 6. Bg2 a5 7. 0-0 a4 8. Nb1 Bd7 9. Bd2 Bxd2 10. Qxd2 Bc6 11. Rd1 Qe7 12. Nc3 e5 13. e3 Ne4 14. Qc2 Nxc3 15. Qxc3 Bxf3 16. Bxf3 e4 17. Bg2 f5 18. b4 Rf6 19. f4 Nd7 20. c5 d5 21. b5 h6 22. Rab1 g5 23. Rf1 Nf8 24. Bh3 Qh7 25. Kh1 Ne6 26. Rb2 Kf7 27. Rbf2 g4 28. Bg2 h5 29. h4 gxh3 30. Bxh3 Ng7 31. Rg1 Rg6 32. Rfg2 Ke6 33. a3 Ne8 34. Qd2 Nf6 35. Qe2 Rag8 36. Qd1 Ra8 37. Rh2 Ng4 38. Bxg4 Rxg4 39. Rh4 Rag8 40. Kh2 R8g6 41. Qe1 Kd7 42. Qd1 Ke6 43. Qe1 Kd7 44. Qd1 Ke7 45. Qe1 Qh8 46. Qf2 Kf7 47. Qa2 Ke6 48. Qf2 Rg7 49. Qf1 Qe8 50. Qe2 1/2-1/2

[Event "Budapest One Week IM-B 03"]
[Site "Budapest"]
[Date "2025.03.18"]
[Round "2"]
[White "Turcsanyi, Vince Gergo"]
[Black "Varga, Zoltan"]
[Result "0-1"]
[WhiteElo "2285"]
[BlackElo "2305"]
[PlyCount "74"]
[EventDate "2025.03.17"]
[EventType "tourn"]
[EventRounds "9"]
[EventCountry "HUN"]
[EventCategory "1"]
[SourceTitle "CB13_2025"]
[SourceDate "2025.03.26"]
[SourceVersion "1"]
[SourceVersionDate "2025.03.26"]
[SourceQuality "1"]

1. e4 d6 2. d4 Nf6 3. Nc3 e5 4. Nf3 Nbd7 5. Be2 c6 6. a4 Be7 7. 0-0 0-0 8. Re1 Re8 9. dxe5 dxe5 10. Bc4 Bb4 11. Qe2 Qe7 12. Nh4 Nc5 13. Nf5 Bxf5 14. exf5 Rad8 15. Bg5 h6 16. Bh4 Rd4 17. g3 Red8 18. Red1 Bxc3 19. bxc3 Rxd1+ 20. Rxd1 Rxd1+ 21. Qxd1 Nce4 22. Bxf6 Nxf6 23. Qd3 b6 24. Bb3 Nd7 25. Qa6 Nf8 26. Qc8 c5 27. Qb8 e4 28. Kg2 e3 29. fxe3 c4 30. Ba2 Qe4+ 31. Kf1 Qf3+ 32. Ke1 Qxe3+ 33. Kd1 Qxc3 34. Bb1 Qb2 35. Qxa7 Qxb1+ 36. Kd2 Qb4+ 37. Kc1 c3 0-1

[Event "Titled Tuesday intern op 04th Mar Early"]
[Site "Chess.com INT"]
[Date "2025.03.04"]
[Round "2"]
[White "Turcsanyi, Vince Gergo"]
[Black "Sabarez, Iulian"]
[Result "1-0"]
[WhiteElo "2285"]
[BlackElo "2050"]
[PlyCount "93"]
[EventDate "2025.03.04"]
[EventType "swiss (blitz)"]
[EventRounds "11"]
[EventCountry "USA"]
[SourceTitle "CB11_2025"]
[SourceDate "2025.03.12"]
[SourceVersion "1"]
[SourceVersionDate "2025.03.12"]
[SourceQuality "1"]

1. d4 Nf6 2. c4 e6 3. Nc3 Bb4 4. Bd2 0-0 5. Nf3 d5 6. e3 b6 7. cxd5 exd5 8. Bd3 c5 9. 0-0 Ba6 10. Bxa6 Nxa6 11. Qe2 cxd4 12. Nxd4 Nc5 13. f3 Qd7 14. a3 Bxc3 15. Bxc3 Rfe8 16. Qd2 Na4 17. Rad1 Rac8 18. Ne2 Nxc3 19. Nxc3 Qe6 20. Rfe1 g6 21. Nb5 Re7 22. Nd4 Qe5 23. Qd3 Ne8 24. g3 Nd6 25. Kg2 Nc4 26. Re2 a5 27. Rde1 a4 28. e4 dxe4 29. Rxe4 Qb5 30. Rxe7 Qxb2+ 31. R1e2 Qc1 32. Re8+ Rxe8 33. Rxe8+ Kg7 34. Ne2 Qxa3 35. Qd4+ f6 36. Rd8 Ne5 37. Qe4 b5 38. Qb7+ Kh6 39. f4 Ng4 40. Qf3 Ne3+ 41. Kh3 Qb3 42. Rd6 a3 43. f5 a2 44. Qf4+ g5 45. Rxf6+ Kg7 46. Qxg5+ Kh8 47. Rf8+ 1-0

[Event "Titled Tuesday intern op 04th Mar Early"]
[Site "Chess.com INT"]
[Date "2025.03.04"]
[Round "4"]
[White "Turcsanyi, Vince Gergo"]
[Black "Sabure, Bojosi"]
[Result "1/2-1/2"]
[WhiteElo "2285"]
[BlackElo "1981"]
[PlyCount "73"]
[EventDate "2025.03.04"]
[EventType "swiss (blitz)"]
[EventRounds "11"]
[EventCountry "USA"]
[SourceTitle "CB11_2025"]
[SourceDate "2025.03.12"]
[SourceVersion "1"]
[SourceVersionDate "2025.03.12"]
[SourceQuality "1"]

1. d4 d6 2. e4 Nf6 3. Nc3 e5 4. Nge2 exd4 5. Nxd4 c6 6. f3 Be7 7. Be3 0-0 8. Qd2 b5 9. 0-0-0 b4 10. Nce2 c5 11. Nb3 a5 12. Kb1 a4 13. Nbc1 Na6 14. g4 c4 15. Nd4 c3 16. Qf2 cxb2 17. Nd3 b3 18. cxb3 axb3 19. Nxb3 Be6 20. Qxb2 Nd7 21. Nf4 Bxb3 22. axb3 Bf6 23. Bd4 Be5 24. Nd5 Nac5 25. Bc4 Qa5 26. Ne7+ Kh8 27. Nf5 Bxd4 28. Rxd4 Ne5 29. f4 Nxc4 30. Rxc4 f6 31. b4 Qa6 32. b5 Qb6 33. g5 Na4 34. Qb3 Nc5 35. Qb2 Nd3 36. Qb3 Nc5 37. Qb2 1/2-1/2

[Event "Titled Tuesday intern op 11th Feb Early"]
[Site "Chess.com INT"]
[Date "2025.02.11"]
[Round "11"]
[White "Blomqvist, Erik"]
[Black "Turcsanyi, Vince Gergo"]
[Result "1-0"]
[WhiteElo "2460"]
[BlackElo "2285"]
[PlyCount "113"]
[EventDate "2025.02.11"]
[EventType "swiss (blitz)"]
[EventRounds "11"]
[EventCountry "USA"]
[SourceTitle "CB09_2025"]
[SourceDate "2025.02.27"]
[SourceVersion "1"]
[SourceVersionDate "2025.02.27"]
[SourceQuality "1"]

1. e4 d6 2. d4 Nf6 3. Nc3 c6 4. Nf3 Qa5 5. Bd3 e5 6. 0-0 Be7 7. h3 0-0 8. a4 Nbd7 9. Be3 Re8 10. Re1 Bf8 11. Qd2 Qc7 12. a5 Rb8 13. dxe5 dxe5 14. Bxa7 Ra8 15. Be3 Rxa5 16. Nd5 cxd5 17. Rxa5 dxe4 18. Nxe5 Nxe5 19. Be2 Nc4 20. Bxc4 Qxc4 21. c3 Qc7 22. Rea1 Bd6 23. Bd4 Nd7 24. Qg5 Be5 25. Rd5 Bxd4 26. Rxd4 Nf6 27. Qb5 Bd7 28. Qe2 Bc6 29. Rad1 h6 30. Qe3 Qe5 31. c4 Nh7 32. b4 b5 33. Rd6 Ba8 34. c5 f5 35. c6 Nf6 36. c7 f4 37. Qc5 Qxc5 38. bxc5 Bb7 39. Rd8 Kf7 40. Rb8 Bc8 41. Rd8 Bf5 42. Rxe8 Nxe8 43. c8Q Bxc8 44. Rxc8 Ke7 45. Kf1 Kd7 46. Rb8 Nc7 47. Rb6 h5 48. Ke2 b4 49. Rxb4 Kc6 50. Rxe4 Nd5 51. Kf3 Kxc5 52. Re5 g6 53. Rg5 Kd4 54. Rxg6 Ke5 55. Rg5+ Ke6 56. Rxh5 Nf6 57. Rh6 1-0

[Event "Titled Tuesday intern op 11th Feb Early"]
[Site "Chess.com INT"]
[Date "2025.02.11"]
[Round "2"]
[White "Turcsanyi, Vince Gergo"]
[Black "Csonka, Balazs"]
[Result "0-1"]
[WhiteElo "2285"]
[BlackElo "2473"]
[PlyCount "96"]
[EventDate "2025.02.11"]
[EventType "swiss (blitz)"]
[EventRounds "11"]
[EventCountry "USA"]
[SourceTitle "CB08_2025"]
[SourceDate "2025.02.19"]
[SourceVersion "1"]
[SourceVersionDate "2025.02.19"]
[SourceQuality "1"]

1. e4 c5 2. Nc3 Nc6 3. f4 g6 4. Nf3 Bg7 5. Bc4 e6 6. f5 Nge7 7. fxe6 fxe6 8. d3 d5 9. exd5 exd5 10. Bb3 0-0 11. 0-0 h6 12. Ne2 Bg4 13. c3 Kh8 14. Be3 Bxf3 15. gxf3 d4 16. Bf4 Nf5 17. Ng3 Qh4 18. Qd2 Be5 19. Nxf5 Rxf5 20. Bxe5+ Nxe5 21. f4 Ng4 22. Be6 Rf6 23. Bxg4 Qxg4+ 24. Kh1 Raf8 25. f5 g5 26. Rae1 Rxf5 27. Rxf5 Qxf5 28. cxd4 cxd4 29. Qe2 Qf3+ 30. Qxf3 Rxf3 31. Re8+ Kg7 32. Re7+ Rf7 33. Re4 Rf2 34. Rxd4 Rxb2 35. Rd7+ Kg6 36. d4 a5 37. d5 b5 38. Rb7 b4 39. Rb6+ Kf5 40. Rxh6 a4 41. d6 Rd2 42. Rh3 b3 43. axb3 a3 44. b4 a2 45. Ra3 Rd1+ 46. Kg2 a1Q 47. Rxa1 Rxa1 48. d7 Rd1 0-1

[Event "Budapest One Week IM-B 12"]
[Site "Budapest"]
[Date "2024.12.20"]
[Round "9"]
[White "Turcsanyi, Vince Gergo"]
[Black "Haszon, David"]
[Result "1-0"]
[WhiteElo "2244"]
[BlackElo "2246"]
[PlyCount "115"]
[EventDate "2024.12.16"]
[EventType "tourn"]
[EventRounds "9"]
[EventCountry "HUN"]
[SourceTitle "CB52_2024"]
[SourceDate "2024.12.25"]
[SourceVersion "1"]
[SourceVersionDate "2024.12.25"]
[SourceQuality "1"]

1. e4 c5 2. Nf3 Nc6 3. d4 cxd4 4. Nxd4 g6 5. c4 Bg7 6. Be3 Nf6 7. Nc3 0-0 8. Be2 d6 9. f3 Nxd4 10. Bxd4 Be6 11. 0-0 Nd7 12. Kh1 Bxd4 13. Qxd4 Qb6 14. Qd2 Rfc8 15. b3 Qa5 16. f4 Nf6 17. Rad1 b5 18. f5 b4 19. fxe6 bxc3 20. exf7+ Kxf7 21. Qd5+ Qxd5 22. exd5 Rab8 23. Rc1 Kg7 24. Bf3 Nd7 25. Bg4 Rc7 26. Bxd7 Rxd7 27. Rxc3 a5 28. a3 Rdb7 29. Rff3 Rc7 30. Kg1 Rbc8 31. Rf4 Kg8 32. Kf2 Rc5 33. Rd4 R5c7 34. Ke2 Rb7 35. Kd2 Rf8 36. Ke2 Rf5 37. Re4 Rf8 38. h4 Rfb8 39. Ree3 Rc7 40. Rf3 Kg7 41. Kd3 h5 42. Kd4 Rc5 43. Rce3 Rc7 44. Re2 Rbc8 45. Rc2 Rb8 46. Kc3 Rcb7 47. Rb2 Ra8 48. Rff2 g5 49. Rf5 Kh6 50. Rxg5 Rf8 51. Re2 Rf1 52. Re6+ Kh7 53. Rxh5+ Kg7 54. Rg5+ Kf7 55. Re2 a4 56. b4 Rb1 57. Kc2 Rb3 58. Rf2+ 1-0

[Event "Budapest One Week IM-B 12"]
[Site "Budapest"]
[Date "2024.12.18"]
[Round "5"]
[White "Turcsanyi, Vince Gergo"]
[Black "Marta, Dominik"]
[Result "1-0"]
[WhiteElo "2244"]
[BlackElo "2145"]
[PlyCount "101"]
[EventDate "2024.12.16"]
[EventType "tourn"]
[EventRounds "9"]
[EventCountry "HUN"]
[SourceTitle "CB52_2024"]
[SourceDate "2024.12.25"]
[SourceVersion "1"]
[SourceVersionDate "2024.12.25"]
[SourceQuality "1"]

1. Nf3 Nf6 2. c4 e6 3. Nc3 d5 4. e3 Be7 5. b3 0-0 6. Bb2 b6 7. cxd5 Nxd5 8. Nxd5 Qxd5 9. Qc2 c6 10. Bd3 Qh5 11. 0-0 Bb7 12. Be2 c5 13. d4 Nd7 14. Ne5 Qg5 15. Bf3 Bxf3 16. Nxf3 Qh5 17. Ba3 Rac8 18. Rac1 g5 19. Qe2 f5 20. Rfd1 g4 21. Nd2 Rf6 22. Nf1 Bd6 23. f4 gxf3 24. Qxf3 Qxf3 25. gxf3 Rg6+ 26. Kf2 Be7 27. dxc5 Ne5 28. Bb2 Bf6 29. Bxe5 Bxe5 30. cxb6 Rxc1 31. Rxc1 axb6 32. Rc6 f4 33. Rxb6 Kf7 34. Rb7+ Kg8 35. a4 fxe3+ 36. Nxe3 Bxh2 37. a5 Bg1+ 38. Ke2 e5 39. Rb6 Rg3 40. Rb8+ Kf7 41. a6 e4 42. a7 exf3+ 43. Kd2 Rg2+ 44. Nxg2 fxg2 45. Rf8+ Ke6 46. a8Q Be3+ 47. Kd3 g1Q 48. Qe8+ Kd5 49. Rf5+ Kd6 50. Qe5+ Kd7 51. Rf7+ 1-0

[Event "Wch U16"]
[Site "Florianopolis"]
[Date "2024.11.03"]
[Round "6"]
[White "Turcsanyi, Vince Gergo"]
[Black "Daksh, Goyal"]
[Result "1-0"]
[WhiteElo "2223"]
[BlackElo "2057"]
[PlyCount "57"]
[EventDate "2024.10.29"]
[EventType "swiss"]
[EventRounds "11"]
[EventCountry "BRA"]
[SourceTitle "CB45_2024"]
[Source "ChessBase"]
[SourceDate "2024.11.06"]
[SourceVersion "1"]
[SourceVersionDate "2024.11.06"]
[SourceQuality "1"]

1. e4 c5 2. Nf3 Nc6 3. d4 cxd4 4. Nxd4 Nf6 5. Nc3 e5 6. Ndb5 d6 7. Bg5 a6 8. Na3 b5 9. Nab1 Be7 10. Bxf6 Bxf6 11. a4 bxa4 12. Rxa4 0-0 13. Bc4 Rb8 14. b3 Nb4 15. 0-0 Bg5 16. Nd5 Nxd5 17. Qxd5 Kh8 18. Nc3 f5 19. exf5 Rxf5 20. Bxa6 Bd7 21. Raa1 e4 22. Qxe4 Bf6 23. Qd3 Rc5 24. Ne4 Bf5 25. Rae1 Ra5 26. Nxd6 Bxd3 27. Nf7+ Kg8 28. Nxd8 Bxf1 29. Re8# 1-0

[Event "Titled Tuesday intern op 24th Sep Early"]
[Site "Chess.com INT"]
[Date "2024.09.24"]
[Round "10"]
[White "Turcsanyi, Vince Gergo"]
[Black "Jovic, Stanoje"]
[Result "0-1"]
[WhiteElo "2223"]
[BlackElo "2069"]
[PlyCount "28"]
[EventDate "2024.09.24"]
[EventType "swiss (blitz)"]
[EventRounds "11"]
[EventCountry "USA"]
[SourceTitle "EXT 2025"]
[Source "ChessBase"]
[SourceDate "2024.10.14"]
[SourceVersion "1"]
[SourceVersionDate "2024.10.14"]
[SourceQuality "1"]

1. e4 c6 2. Nc3 d5 3. d4 dxe4 4. Nxe4 Nf6 5. Nxf6+ exf6 6. c3 Bd6 7. Bd3 0-0 8. Qc2 h6 9. Ne2 Qc7 10. Be3 Re8 11. 0-0-0 c5 12. Kb1 c4 13. Be4 Qa5 14. Rdg1 Rxe4 0-1

[Event "Titled Tuesday intern op 17th Sep Early"]
[Site "Chess,com INT"]
[Date "2024.09.17"]
[Round "5"]
[White "Manteiga, Franco"]
[Black "Turcsanyi, Vince Gergo"]
[Result "1-0"]
[WhiteElo "2006"]
[BlackElo "2223"]
[PlyCount "177"]
[EventDate "2024.09.17"]
[EventType "swiss (blitz)"]
[EventRounds "11"]
[EventCountry "USA"]
[SourceTitle "EXT 2025"]
[Source "ChessBase"]
[SourceDate "2024.10.14"]
[SourceVersion "1"]
[SourceVersionDate "2024.10.14"]
[SourceQuality "1"]

1. d4 Nf6 2. Nf3 e6 3. g3 d5 4. Bg2 Be7 5. 0-0 0-0 6. b3 b6 7. Bb2 Bb7 8. c4 Nbd7 9. Nbd2 Re8 10. Rc1 Bd6 11. Re1 Qe7 12. Ne5 Rac8 13. cxd5 exd5 14. Nc6 Bxc6 15. Rxc6 Ne4 16. Qc2 Ndf6 17. Nxe4 dxe4 18. Rc1 Nd5 19. Qd1 f5 20. e3 g6 21. Bf1 Kf8 22. Ba6 Rcd8 23. R6c4 Kg7 24. Bb7 Qe6 25. Bc6 Rf8 26. Bxd5 Qxd5 27. Qc2 Rd7 28. Ra4 a5 29. Qc6 Qf7 30. d5+ Kg8 31. Qc3 Qe7 32. Qh8+ Kf7 33. Qxh7+ Ke8 34. Qxg6+ Kd8 35. Rac4 Be5 36. Bxe5 Qxe5 37. Qg5+ Kc8 38. Qf4 Qg7 39. d6 c5 40. a3 Kb8 41. b4 cxb4 42. axb4 a4 43. Rc7 Rfd8 44. b5 Qf6 45. Rxd7 Rxd7 46. Rc6 a3 47. Rxb6+ Ka7 48. Ra6+ Kb7 49. Rxa3 Rxd6 50. Rb3 Qe6 51. Rc3 Rd1+ 52. Kg2 Qd7 53. Qh6 Re1 54. Qc6+ Qxc6 55. bxc6+ Kc7 56. h4 Rd1 57. h5 Rd5 58. h6 Rd6 59. Rc5 Rxh6 60. Rxf5 Kxc6 61. Re5 Kd6 62. Rxe4 Kd5 63. Rf4 Rh8 64. Kf3 Ke5 65. g4 Ra8 66. Rf5+ Ke6 67. Rf4 Ra1 68. g5 Rh1 69. Rg4 Rh7 70. g6 Rg7 71. Kf4 Kf6 72. e4 Ra7 73. g7 Rxg7 74. Rxg7 Kxg7 75. Kf5 Kf7 76. Ke5 Ke7 77. f3 Kf7 78. Kd6 Kf6 79. e5+ Kf7 80. Kd7 Kg6 81. e6 Kf5 82. e7 Kf6 83. e8Q Kg7 84. Qe6 Kh8 85. Qe7 Kg8 86. Ke6 Kh8 87. Kf6 Kg8 88. Kg6 Kh8 89. Qd8# 1-0